Chemické tabuľky

Na minha lista:
Detalhes bibliográficos
Main Authors: Valigura, Dušan, 1948- (Author), Gracza, Tibor, 1956- (Author), Lásiková, Angelika, 1969- (Author), Mašlejová, Anna, 1949- (Author), Papánková, Blažena (Author), Šima, Jozef, 1948- (Author), Špirková, Katarína (Author), Tatarko, Miroslav (Author)
Formato: Livro
Idioma:eslovaco
Publicado em: V Bratislave Slovenská technická univerzita 2014
Edição:2. vyd. - 1. dotlač
Colecção:Edícia príručiek
Assuntos:
Acesso em linha:View in OPAC
Tags: Adicionar Tag
Sem tags, seja o primeiro a adicionar uma tag!

MARC

LEADER 00000cam a2200000 a 4500
005 20260127134023.0
008 141125s2014 xo l e p 000 0 slo
015 |a SNBA2012/05-02642 
020 |a 9788022742030 (viaz.) 
035 |a vtls010638320 
039 9 |a 202007091014  |b AUTHORITY  |c 202007091002  |d AUTHORITY  |c 202007081144  |d AUTHORITY  |c 202005211016  |d AUTHORITY  |y 201411251116  |z mschk03 
040 |a STUSCHK1  |b slo  |c STUSCHK1  |e AACR2 
041 0 |a slo 
044 |a xo  |c SK 
072 7 |a 546  |x Anorganická chémia  |2 konspekt 
080 |a 546-123  |2 2001 
080 |a (083.4)  |2 2001 
080 |a (075.8)  |2 2001 
080 |a 546-3  |2 2001 
245 0 0 |a Chemické tabuľky  |c D. Valigura ... [et al.] 
250 |a 2. vyd. - 1. dotlač 
260 |a V Bratislave  |b Slovenská technická univerzita  |c 2014 
300 |a 456 s.  |b grafy, sch.  |c 21 cm 
490 1 |a Edícia príručiek 
504 |a Bibliogr. 
650 0 7 |a chemické prvky  |2 SNKPH 
650 0 7 |a Chemical elements  |2 SNKPHeng 
650 0 7 |a chemické tabuľky  |2 SNKPH 
650 0 7 |a anorganické zlúčeniny  |2 SNKPH 
650 0 7 |a Inorganic compounds  |2 SNKPHeng 
655 7 |a učebnice vysokých škôl  |2 SNKPH 
655 7 |a tabuľky  |2 SNKPH 
655 7 |a Textbooks (higher)  |2 SNKPHeng 
655 7 |a Tables  |2 SNKPHeng 
700 1 |a Valigura, Dušan,  |d 1948-  |4 aut  |9 166 
700 1 |a Gracza, Tibor,  |d 1956-  |4 aut  |9 295 
700 1 |a Lásiková, Angelika,  |d 1969-  |4 aut  |9 123 
700 1 |a Mašlejová, Anna,  |d 1949-  |4 aut  |9 1196 
700 1 |a Papánková, Blažena  |4 aut  |9 373 
700 1 |a Šima, Jozef,  |d 1948-  |4 aut  |9 748 
700 1 |a Špirková, Katarína  |4 aut 
700 1 |a Tatarko, Miroslav  |4 aut 
810 2 |a Slovenská technická univerzita (Bratislava, Slovensko)  |b Fakulta chemickej a potravinárskej technológie  |t Edícia príručiek 
910 |a SCHK95 
919 |a 978-80-227-4203-0 
999 |c 2228  |d 2228 
942 0 0 |0 46